00486nam a2200181 a 45000010005000000030009000050080041000140400028000550820019000831000028001022450027001302600040001573000015001975900032002126500031002449420012002759990017002875380CO-ViMGA141112s2004 ck r 000 u spa d aCO-ViMGAbspacCO-ViMGA04aR796.334 P373r1 aPerea, Rosero Tucidides10aReglamento de fútbol aBogotá : bPanAméricana, c1991 a203 p : il aDatos de inventario : 0545814aFUTBOL - REGLAMENTOS94021 2ddccBK c17371d17371